| 000 | 00875 a2200193 4500 | ||
|---|---|---|---|
| 020 | _a0091743583 | ||
| 020 | _a9780091743581 | ||
| 082 |
_a823.914 _bHEN |
||
| 100 | 1 |
_aHenry, Bertram. _9122676 |
|
| 245 | 1 | 0 |
_aBuying the business / _cBertram Henry. |
| 260 |
_a[S.l.] : _bCentury Hutchinson, _c1991. |
||
| 300 |
_a192 p. ; _c22 cm. |
||
| 500 | _aPaperback. | ||
| 520 | _aEveryone wants the Indonesian Oil Contract, but how far will they all go to achieve it? The Yanks are at it, the French, the Japanese, even the British. The 'it' is corruption. This book was a P.G.Wodehouse Humour Prize runner-up. | ||
| 650 |
_aBuying the Business _9122677 |
||
| 856 | 4 | 0 |
_3Amazon.com _uhttp://www.amazon.com/exec/obidos/ASIN/0091743583/chopaconline-20 |
| 856 | 4 | 0 |
_3Amazon customer reviews _uhttp://www.chopac.org/cgi-bin/tools/azrev.pl?q=0091743583 |
| 942 |
_aNBS _cBK _k658.02 HEN _2ddc |
||
| 999 |
_c345030 _d345030 |
||